Stare państwa - Statystyki

Ogólne statystyki
  • Ten quiz został rozwiązany 417 razy
  • Średni wynik to 9 z 16
Statystyki odpowiedzi
Obrazkowy Odpowiedź % Poprawnych
austro węgry
95%
imperium mongolskie
81%
imperium osmańskie
74%
imperium Hiszpańskie
72%
święte cesarstwo rzymskie
72%
starożytny egipt
70%
imperium portugalskie
65%
imperium rosyjskie
62%
Cesarstwo rzymskie
57%
imperium Francuskie
56%
Niemiecka Republika Demokratyczna
51%
imperium japońskie
48%
imperium włoskie
48%
imperium Mali
27%
Królestwo Meksyku
15%
Indie brytyjskie
9%
Nie znaleziono quizów pasujących do podanych kryteriów
Rozkład punktacji
Procent ludzi z każdym wynikiem
Percentyl według liczby udzielonych odpowiedzi
Twoja historia wyników
Nie rozwiązałeś tego quizu